[Event "Reinstorf op"]
[Site "Reinstorf"]
[Date "2022.02.01"]
[Round "4"]
[White "Ebeling, Hans Juergen"]
[Black "Pellicoro, Nathalie"]
[Result "0-1"]
[WhiteElo "1538"]
[BlackElo "1835"]
[PlyCount "68"]
[EventDate "2022.01.29"]
[EventType "swiss"]
[EventRounds "9"]
[EventCountry "GER"]
[SourceTitle "CBM 206 Extra"]
[Source "ChessBase"]
[SourceDate "2022.03.31"]
[SourceVersion "1"]
[SourceVersionDate "2022.03.31"]
[SourceQuality "1"]

1. e4 e5 2. Nf3 Nc6 3. d4 exd4 4. Bc4 Nf6 5. e5 d5 6. Bb5 Ne4 7. Nxd4 Bd7 8. Bxc6 bxc6 9. 0-0 Bc5 10. f3 Ng5 11. Be3 Bb6 12. f4 Ne4 13. Nd2 Nxd2 14. Qxd2 c5 15. Nf3 Bf5 16. Rad1 c6 17. Bf2 0-0 18. a3 f6 19. b4 cxb4 20. Qxb4 Rb8 21. Qc3 Bxf2+ 22. Rxf2 Qb6 23. Nd4 Bg4 24. Re1 c5 25. Qg3 Bc8 26. Ne2 fxe5 27. fxe5 Ba6 28. Rxf8+ Rxf8 29. Kh1 Bxe2 30. Qb3 Qxb3 31. cxb3 Rf1+ 32. Rxf1 Bxf1 33. Kg1 Ba6 34. Kf2 Kf7 0-1

[Event "Niedersachsen-ch op B"]
[Site "Verden"]
[Date "2018.01.05"]
[Round "3"]
[White "Ebeling, Hans Juergen"]
[Black "Gniffke, Reiner"]
[Result "0-1"]
[WhiteElo "1501"]
[BlackElo "1605"]
[PlyCount "94"]
[EventDate "2018.01.04"]
[EventType "swiss"]
[EventRounds "7"]
[EventCountry "GER"]
[SourceTitle "EXT 2022"]
[Source "ChessBase"]
[SourceDate "2021.10.06"]
[SourceVersion "1"]
[SourceVersionDate "2021.10.06"]
[SourceQuality "1"]

1. e4 e6 2. d4 d5 3. Nc3 Bb4 4. e5 c5 5. Bd2 Ne7 6. a3 Bxc3 7. bxc3 Nbc6 8. Nf3 Bd7 9. dxc5 Ng6 10. Rb1 Qc7 11. Nd4 Qxe5+ 12. Qe2 Qxe2+ 13. Bxe2 Nxd4 14. cxd4 Bc6 15. h4 0-0 16. h5 Ne7 17. g4 f6 18. Bf4 Rfe8 19. Kd2 Nc8 20. Bd3 e5 21. Rbe1 exf4 22. Rxe8+ Bxe8 23. Re1 Kf8 24. c4 Ne7 25. cxd5 Nxd5 26. Bxh7 Bf7 27. Rb1 Rb8 28. Bf5 Ne7 29. Bd7 Bd5 30. Rg1 b6 31. g5 bxc5 32. gxf6 Rb2+ 33. Kc3 Rb3+ 34. Kc2 gxf6 35. h6 c4 36. Kc1 Be4 37. Rg4 Rc3+ 38. Kb2 Rc2+ 39. Ka1 c3 40. Be6 Rxf2 41. Rg7 Rf1+ 42. Ka2 Rh1 43. Rf7+ Ke8 44. Rxf6 c2 45. Bf7+ Kd8 46. Be6 c1Q 47. Rf8+ Kc7 0-1

[Event "Niedersachsen-ch op-C"]
[Site "Verden"]
[Date "2017.01.06"]
[Round "4"]
[White "Silber, Stefanie"]
[Black "Ebeling, Hans Juergen"]
[Result "1-0"]
[WhiteElo "1708"]
[BlackElo "1633"]
[PlyCount "100"]
[EventDate "2017.01.05"]
[EventType "swiss"]
[EventRounds "7"]
[EventCountry "GER"]
[SourceTitle "CBM 187 Extra"]
[Source "ChessBase"]
[SourceDate "2018.11.04"]
[SourceVersion "1"]
[SourceVersionDate "2018.11.04"]
[SourceQuality "1"]

1. e4 d5 2. exd5 Nf6 3. d4 Nxd5 4. c4 Nb4 5. Qa4+ N8c6 6. d5 b5 7. Qd1 Bf5 8. Na3 Ne5 9. Qb3 Nbd3+ 10. Bxd3 Nxd3+ 11. Ke2 b4 12. Nb5 e5 13. Qa4 Nxc1+ 14. Rxc1 Bd7 15. Qa5 Bxb5 16. Qxb5+ Qd7 17. Qb7 Qc8 18. Qc6+ Kd8 19. Nf3 f6 20. Rhd1 Rb8 21. c5 Qd7 22. Qa6 Qb5+ 23. Qxb5 Rxb5 24. d6 cxd6 25. cxd6 Rb7 26. Rc6 Rb6 27. Rc7 Rxd6 28. Rxa7 Rxd1 29. Kxd1 Kc8 30. Ra8+ Kb7 31. Re8 Kc6 32. Nd2 h5 33. Kc2 h4 34. h3 Kd7 35. Rb8 Ke6 36. Kd3 Kf7 37. Nc4 Rh5 38. Ke4 Rg5 39. Ne3 Bc5 40. Rh8 Bxe3 41. Kxe3 Rxg2 42. Rxh4 b3 43. a3 f5 44. Rb4 Rg1 45. Rxb3 Re1+ 46. Kd2 Rh1 47. a4 Rf1 48. Ke2 Rc1 49. a5 Rc6 50. Re3 Ke6 1-0

[Event "GER-ch Seniors"]
[Site "Dresden"]
[Date "2012.08.17"]
[Round "9"]
[White "Lichtblau, Ernst"]
[Black "Ebeling, Hans Juergen"]
[Result "1/2-1/2"]
[WhiteElo "1829"]
[BlackElo "1469"]
[PlyCount "140"]
[EventDate "2012.08.09"]
[EventType "swiss"]
[EventRounds "9"]
[EventCountry "GER"]
[SourceTitle "EXT 2014"]
[Source "ChessBase"]
[SourceDate "2013.11.20"]
[SourceVersion "1"]
[SourceVersionDate "2013.11.20"]
[SourceQuality "1"]

1. Nf3 Nc6 2. d4 d5 3. b3 Nf6 4. Bb2 Bf5 5. a3 e6 6. e3 a6 7. Nbd2 Ne4 8. Nxe4 Bxe4 9. Bd3 Bxd3 10. cxd3 Bd6 11. e4 0-0 12. e5 Be7 13. 0-0 f6 14. Rc1 Rc8 15. Nd2 Na7 16. f4 c5 17. dxc5 Bxc5+ 18. d4 Be7 19. b4 a5 20. Rxc8 Nxc8 21. b5 b6 22. Qe2 Qd7 23. Rf3 fxe5 24. fxe5 Rxf3 25. gxf3 Bg5 26. Nf1 Ne7 27. a4 Nf5 28. Qc2 Be3+ 29. Kg2 Bxd4 30. Bxd4 Nxd4 31. Qc3 Nf5 32. Ng3 Ne7 33. Qd4 Qc7 34. f4 Qc5 35. Qxc5 bxc5 36. b6 Nc6 37. b7 Kf7 38. Kf3 g6 39. Ne2 Ke7 40. Nc3 Kd7 41. Nb5 Nb8 42. Ke3 Kc6 43. Nd6 d4+ 44. Ke4 Nd7 45. Nf7 Kxb7 46. Nd8+ Kc7 47. Nxe6+ Kc8 48. Kd3 Nb6 49. Nxc5 Nd5 50. Kxd4 Nxf4 51. Ke4 Ne2 52. e6 Kd8 53. Ke5 Ke7 54. Nb3 Nc3 55. Nd4 Nxa4 56. Nc6+ Ke8 57. Kf6 Nc5 58. Nd4 Ne4+ 59. Kg7 Ke7 60. Kxh7 g5 61. Kg6 g4 62. Kf5 g3 63. Nc6+ Ke8 64. hxg3 Nxg3+ 65. Kg4 Ne4 66. Kf5 Nc5 67. e7 Nd3 68. Kf6 Nf4 69. Nb4 Nh5+ 70. Ke6 Nf4+ 1/2-1/2